000 00540nab a2200145Ia 4500
003 ES-SlBCS
005 20210601145301.0
008 140529s1962 xxu||||| |||| 00| 0 spa d
041 _aspa
100 1 _aShakow, David
_9310074
245 0 0 _aTendencias en normalización de pacientes esquizofrénicos crónicos: algunas implicaciones sobre la teoría de la esquizofrenia
_c David Shakow
650 0 4 _aEsquizofrenia
_994926
773 0 _tRevista de Psicologia General y Aplicada
_gvol. 17, nº. 65, 1962, págs. 979-998
_wRev1347
942 _cAR
999 _c722299
_d722299